Top XIs: Chelsea FC (1987-2023) - Statistics

General Stats
  • This quiz has been taken 1,413 times
  • The average score is 203 of 400
Answer Stats
Hint Position Answer % Correct
2005/2006 ST Didier Drogba
94%
2006/2007 ST Didier Drogba
94%
2007/2008 ST Didier Drogba
94%
2009/2010 ST Didier Drogba
94%
2010/2011 UCL ST Didier Drogba
94%
2001/2002 MF Frank Lampard
94%
2001/2002 UC MF Frank Lampard
94%
2002/2003 MF Frank Lampard
94%
2003/2004 MF Frank Lampard
94%
2003/2004 UCL MF Frank Lampard
94%
2004/2005 MF Frank Lampard
94%
2005/2006 MF Frank Lampard
94%
2006/2007 MF Frank Lampard
94%
2007/2008 MF Frank Lampard
94%
2008/2009 MF Frank Lampard
94%
2009/2010 MF Frank Lampard
94%
2011/2012 MF Frank Lampard
94%
2013/2014 MF Frank Lampard
94%
2001/2002 DF John Terry
94%
2001/2002 UC DF John Terry
94%
2003/2004 DF John Terry
94%
2003/2004 UCL DF John Terry
94%
2004/2005 DF John Terry
94%
2005/2006 DF John Terry
94%
2006/2007 DF John Terry
94%
2007/2008 DF John Terry
94%
2008/2009 DF John Terry
94%
2009/2010 DF John Terry
94%
2010/2011 UCL DF John Terry
94%
2011/2012 DF John Terry
94%
2013/2014 DF John Terry
94%
2014/2015 UCL DF John Terry
94%
2020/2021 MF Kai Havertz
88%
2021/2022 MF Kai Havertz
88%
2022/2023 MF Kai Havertz
88%
2022/23 UCL MF Kai Havertz
88%
2006/2007 DF Ashley Cole
87%
2007/2008 DF Ashley Cole
87%
2008/2009 DF Ashley Cole
87%
2009/2010 DF Ashley Cole
87%
2010/2011 UCL DF Ashley Cole
87%
2011/2012 DF Ashley Cole
87%
2012/2013 DF Ashley Cole
87%
2016/2017 MF N'Golo Kanté
87%
2017/2018 MF N'Golo Kanté
87%
2018/2019 MF N'Golo Kanté
87%
2020/2021 MF N'Golo Kanté
87%
2012/2013 MF Eden Hazard
84%
2013/2014 MF Eden Hazard
84%
2014/2015 UCL MF Eden Hazard
84%
2015/2016 MF Eden Hazard
84%
2016/2017 MF Eden Hazard
84%
2017/2018 MF Eden Hazard
84%
2018/2019 MF Eden Hazard
84%
1987/1988 MF Micky Hazard
84%
2021/2022 DF Thiago Silva
84%
2022/2023 DF Thiago Silva
84%
2022/23 UCL DF Thiago Silva
84%
2012/2013 DF César Azpilicueta
83%
2013/2014 DF César Azpilicueta
83%
2015/2016 DF César Azpilicueta
83%
2016/2017 DF César Azpilicueta
83%
2017/2018 DF César Azpilicueta
83%
2018/2019 DF César Azpilicueta
83%
2018/2019 EL DF César Azpilicueta
83%
2019/2020 DF César Azpilicueta
83%
2021/2022 DF César Azpilicueta
83%
2019/2020 MF Mason Mount
83%
2020/2021 MF Mason Mount
83%
2021/2022 MF Mason Mount
83%
2022/2023 MF Mason Mount
83%
2022/23 UCL MF Mason Mount
83%
2020/2021 ST Timo Werner
83%
2014/2015 UCL ST Diego Costa
81%
2015/2016 ST Diego Costa
81%
2016/2017 ST Diego Costa
81%
2020/2021 DF Reece James
81%
2022/2023 DF Reece James
81%
2022/23 UCL DF Reece James
81%
2011/2012 ST Fernando Torres
79%
2012/2013 ST Fernando Torres
79%
2017/2018 DF Antonio Rüdiger
78%
2018/2019 DF Antonio Rüdiger
78%
2020/2021 DF Antonio Rüdiger
78%
2021/2022 DF Antonio Rüdiger
78%
2012/2013 DF Gary Cahill
78%
2013/2014 DF Gary Cahill
78%
2014/2015 UCL DF Gary Cahill
78%
2015/2016 DF Gary Cahill
78%
2016/2017 DF Gary Cahill
78%
2020/2021 DF Ben Chilwell
76%
2022/23 UCL DF Ben Chilwell
76%
2011/2012 DF David Luiz
76%
2012/2013 MF David Luiz
76%
2016/2017 DF David Luiz
76%
2018/2019 DF David Luiz
76%
2018/2019 MF Jorginho
76%
2019/2020 MF Jorginho
76%
2020/2021 MF Jorginho
76%
2021/2022 MF Jorginho
76%
2022/23 UCL MF Jorginho
76%
2021/2022 ST Romelu Lukaku
75%
2014/2015 UCL MF Willian
75%
2015/2016 MF Willian
75%
2018/2019 MF Willian
75%
2018/2019 EL MF Willian
75%
2019/2020 MF Willian
75%
2005/2006 MF Michael Essien
74%
2006/2007 MF Michael Essien
74%
2007/2008 MF Michael Essien
74%
2010/2011 UCL MF Michael Essien
74%
2009/2010 DF Branislav Ivanović
73%
2010/2011 UCL DF Branislav Ivanović
73%
2011/2012 DF Branislav Ivanović
73%
2012/2013 DF Branislav Ivanović
73%
2013/2014 DF Branislav Ivanović
73%
2014/2015 UCL DF Branislav Ivanović
73%
2015/2016 DF Branislav Ivanović
73%
2016/2017 DF Marcos Alonso
73%
2017/2018 DF Marcos Alonso
73%
2018/2019 DF Marcos Alonso
73%
2019/2020 DF Marcos Alonso
73%
2021/2022 DF Marcos Alonso
73%
2008/2009 ST Nicolas Anelka
73%
2009/2010 ST Nicolas Anelka
73%
2010/2011 UCL ST Nicolas Anelka
73%
1996/1997 ST Gianfranco Zola
72%
1997/1998 ST Gianfranco Zola
72%
1998/1999 ST Gianfranco Zola
72%
1999/2000 ST Gianfranco Zola
72%
2000/2001 ST Gianfranco Zola
72%
2001/2002 UC ST Gianfranco Zola
72%
2002/2003 ST Gianfranco Zola
72%
2012/2013 MF Oscar
69%
2013/2014 MF Oscar
69%
2014/2015 UCL MF Oscar
69%
2004/2005 DF Ricardo Carvalho
69%
2005/2006 DF Ricardo Carvalho
69%
2006/2007 DF Ricardo Carvalho
69%
2009/2010 DF Ricardo Carvalho
69%
2011/2012 MF Juan Mata
68%
2012/2013 MF Juan Mata
68%
2010/2011 UCL MF Ramires
68%
2011/2012 MF Ramires
68%
2012/2013 MF Ramires
68%
2013/2014 MF Ramires
68%
2018/2019 EL MF Mateo Kovačić
67%
2019/2020 MF Mateo Kovačić
67%
2022/23 UCL MF Mateo Kovačić
67%
2006/2007 MF Michael Ballack
67%
2008/2009 MF Michael Ballack
67%
2009/2010 MF Michael Ballack
67%
2022/2023 MF Raheem Sterling
67%
2022/23 UCL MF Raheem Sterling
67%
2014/2015 UCL MF Cesc Fàbregas
66%
2015/2016 MF Cesc Fàbregas
66%
2017/2018 MF Cesc Fàbregas
66%
2014/2015 UCL MF Nemanja Matić
65%
2015/2016 MF Nemanja Matić
65%
2016/2017 MF Nemanja Matić
65%
2017/2018 ST Álvaro Morata
64%
2017/2018 DF Andr. Christensen
64%
2018/2019 EL DF Andr. Christensen
64%
2003/2004 MF Claude Makelele
63%
2003/2004 UCL MF Claude Makelele
63%
2004/2005 MF Claude Makelele
63%
2005/2006 MF Claude Makelele
63%
2006/2007 MF Claude Makelele
63%
2007/2008 MF John Obi Mikel
63%
2008/2009 MF John Obi Mikel
63%
2009/2010 MF John Obi Mikel
63%
2015/2016 ST Pedro
63%
2016/2017 ST Pedro
63%
2018/2019 EL ST Pedro
63%
2005/2006 MF Arjen Robben
62%
2008/2009 MF Florent Malouda
62%
2009/2010 MF Florent Malouda
62%
2010/2011 UCL MF Florent Malouda
62%
2019/2020 ST Tammy Abraham
62%
2019/2020 MF Christian Pulisic
61%
2020/2021 MF Christian Pulisic
61%
2006/2007 ST Andriy Shevchenko
59%
2007/2008 ST Salomon Kalou
57%
2018/2019 EL ST Olivier Giroud
55%
2000/2001 ST J.-F. Hasselbaink
53%
2001/2002 ST J.-F. Hasselbaink
53%
2002/2003 ST J.-F. Hasselbaink
53%
2003/2004 ST J.-F. Hasselbaink
53%
2022/2023 DF Kalidou Koulibaly
53%
2022/23 UCL DF Kalidou Koulibaly
53%
2022/2023 DF Marc Cucurella
53%
1998/1999 DF Marcel Desailly
53%
1999/2000 DF Marcel Desailly
53%
2000/2001 DF Marcel Desailly
53%
2001/2002 DF Marcel Desailly
53%
2001/2002 UC DF Marcel Desailly
53%
2002/2003 DF Marcel Desailly
53%
2016/2017 MF Victor Moses
53%
2017/2018 MF Victor Moses
53%
2008/2009 DF Jose Bosingwa
52%
2010/2011 UCL DF Jose Bosingwa
52%
2015/2016 DF Kurt Zouma
51%
2019/2020 DF Kurt Zouma
51%
2020/2021 DF Kurt Zouma
51%
2018/2019 EL MF R. Loftus-Cheek
51%
2021/2022 MF R. Loftus-Cheek
51%
2022/2023 MF R. Loftus-Cheek
51%
2021/2022 MF Hakim Ziyech
50%
2013/2014 ST Samuel Eto'o
50%
2001/2002 DF William Gallas
50%
2001/2002 UC DF William Gallas
50%
2002/2003 DF William Gallas
50%
2003/2004 DF William Gallas
50%
2003/2004 UCL DF William Gallas
50%
2004/2005 DF William Gallas
50%
2005/2006 DF William Gallas
50%
2004/2005 DF Paulo Ferreira
48%
2006/2007 DF Paulo Ferreira
48%
2022/2023 ST P.-E. Aubameyang
48%
2022/23 UCL ST P.-E. Aubameyang
48%
2008/2009 MF Deco
47%
2003/2004 UCL ST Hernán Crespo
47%
2005/2006 ST Hernán Crespo
47%
1995/1996 MF Ruud Gullit
47%
2001/2002 ST Eiður Guðjohnsen
46%
2001/2002 UC ST Eiður Guðjohnsen
46%
2003/2004 UCL ST Eiður Guðjohnsen
46%
2004/2005 ST Eiður Guðjohnsen
46%
2007/2008 DF Alex
45%
2008/2009 DF Alex
45%
2003/2004 UCL MF Damien Duff
44%
2004/2005 MF Damien Duff
44%
2011/2012 ST Daniel Sturridge
44%
2022/2023 DF Wesley Fofana
44%
1996/1997 ST Gianluca Vialli
43%
1997/1998 ST Gianluca Vialli
43%
2018/2019 ST Gonzalo Higuaín
42%
1990/1991 MF Dennis Wise
40%
1991/1992 MF Dennis Wise
40%
1992/1993 MF Dennis Wise
40%
1993/1994 MF Dennis Wise
40%
1995/1996 MF Dennis Wise
40%
1996/1997 MF Dennis Wise
40%
1997/1998 MF Dennis Wise
40%
1999/2000 MF Dennis Wise
40%
2000/2001 MF Dennis Wise
40%
2011/2012 MF Raul Meireles
40%
2019/2020 DF Fikayo Tomori
39%
2014/2015 UCL DF Filipe Luís
39%
2003/2004 DF Wayne Bridge
39%
2003/2004 UCL DF Wayne Bridge
39%
1996/1997 MF Roberto Di Matteo
37%
1997/1998 MF Roberto Di Matteo
37%
1998/1999 MF Roberto Di Matteo
37%
2018/2019 EL DF Emerson
36%
2018/2019 MF Ross Barkley
36%
2018/2019 EL MF Ross Barkley
36%
2001/2002 MF Emmanuel Petit
35%
2001/2002 UC MF Emmanuel Petit
35%
2002/2003 MF Emmanuel Petit
35%
2003/2004 UCL DF Glen Johnson
35%
1996/1997 DF Frank Leboeuf
34%
1997/1998 DF Frank Leboeuf
34%
1998/1999 DF Frank Leboeuf
34%
1999/2000 DF Frank Leboeuf
34%
2000/2001 DF Frank Leboeuf
34%
2013/2014 MF André Schürrle
33%
1990/1991 DF Graeme Le Saux
33%
1991/1992 DF Graeme Le Saux
33%
1997/1998 DF Graeme Le Saux
33%
1998/1999 DF Graeme Le Saux
33%
2002/2003 DF Graeme Le Saux
33%
2018/2019 EL DF Davide Zappacosta
32%
2003/2004 ST Adrian Mutu
31%
1998/1999 MF Gustavo Poyet
31%
1999/2000 MF Gustavo Poyet
31%
2000/2001 MF Gustavo Poyet
31%
1995/1996 ST Mark Hughes
31%
1996/1997 ST Mark Hughes
31%
1997/1998 ST Mark Hughes
31%
2017/2018 MF Tiemoué Bakayoko
31%
1998/1999 ST Tore André Flo
31%
1999/2000 ST Tore André Flo
31%
1999/2000 MF Didier Deschamps
30%
2003/2004 UCL MF Juan S. Verón
28%
1998/1999 DF Albert Ferrer
27%
1999/2000 DF Albert Ferrer
27%
2005/2006 DF Asier Del Horno
27%
2004/2005 MF Tiago
27%
1998/1999 DF Celestine Babayaro
26%
1999/2000 DF Celestine Babayaro
26%
2000/2001 DF Celestine Babayaro
26%
1991/1992 MF Vinnie Jones
26%
1995/1996 DF Dan Petrescu
25%
1996/1997 DF Dan Petrescu
25%
1997/1998 DF Dan Petrescu
25%
1998/1999 MF Dan Petrescu
25%
2002/2003 MF Jesper Grønkjær
24%
2003/2004 MF Jesper Grønkjær
24%
2000/2001 DF Mario Melchiot
24%
2001/2002 DF Mario Melchiot
24%
2001/2002 UC DF Mario Melchiot
24%
2002/2003 DF Mario Melchiot
24%
2003/2004 DF Mario Melchiot
24%
2010/2011 UCL MF Yury Zhirkov
23%
1992/1993 DF Frank Sinclair
22%
1993/1994 DF Frank Sinclair
22%
1994/1995 DF Frank Sinclair
22%
2003/2004 MF Geremi Njitap
22%
2004/2005 MF Joe Cole
22%
2007/2008 MF Joe Cole
22%
2007/2008 DF Juliano Belletti
22%
1987/1988 DF Steve Clarke
21%
1988/1989 DF Steve Clarke
21%
1989/1990 DF Steve Clarke
21%
1990/1991 DF Steve Clarke
21%
1991/1992 DF Steve Clarke
21%
1993/1994 DF Steve Clarke
21%
1994/1995 DF Steve Clarke
21%
1996/1997 DF Steve Clarke
21%
1997/1998 DF Steve Clarke
21%
1987/1988 ST Kerry Dixon
20%
1988/1989 ST Kerry Dixon
20%
1989/1990 ST Kerry Dixon
20%
1990/1991 ST Kerry Dixon
20%
1991/1992 ST Kerry Dixon
20%
1999/2000 MF Jody Morris
17%
2000/2001 MF Jody Morris
17%
2002/2003 MF Jody Morris
17%
1995/1996 DF Michael Duberry
17%
1997/1998 DF Michael Duberry
17%
1993/1994 MF Glenn Hoddle
16%
1989/1990 DF David Lee
15%
1990/1991 DF David Lee
15%
1992/1993 DF David Lee
15%
1995/1996 DF David Lee
15%
1993/1994 DF Erland Johnsen
15%
1994/1995 DF Erland Johnsen
15%
1995/1996 DF Erland Johnsen
15%
1993/1994 ST John Spencer
15%
1994/1995 ST John Spencer
15%
1995/1996 ST John Spencer
15%
1992/1993 MF Eddie Newton
13%
1993/1994 MF Eddie Newton
13%
1995/1996 MF Eddie Newton
13%
1990/1991 MF Gareth Hall
13%
1992/1993 DF Gareth Hall
13%
1993/1994 MF Gavin Peacock
13%
1994/1995 MF Gavin Peacock
13%
2001/2002 MF Mario Stanić
12%
2000/2001 MF Sam. Dalla Bona
12%
2001/2002 MF Sam. Dalla Bona
12%
1987/1988 MF Clive Wilson
11%
1988/1989 MF Clive Wilson
11%
1995/1996 MF Craig Burley
11%
1996/1997 MF Craig Burley
11%
2001/2002 UC MF Boudewijn Zenden
11%
1988/1989 DF Graham Roberts
11%
1989/1990 DF Graham Roberts
11%
1988/1989 ST Kevin Wilson
11%
1989/1990 ST Kevin Wilson
11%
1990/1991 MF Andy Townsend
10%
1991/1992 MF Andy Townsend
10%
1992/1993 MF Andy Townsend
10%
1987/1988 MF Pat Nevin
10%
1987/1988 ST Gordon Durie
9%
1988/1989 ST Gordon Durie
9%
1990/1991 ST Gordon Durie
9%
1992/1993 MF Graham Stuart
9%
1994/1995 MF Nigel Spackman
9%
1994/1995 DF Scott Minto
9%
1996/1997 DF Scott Minto
9%
1991/1992 ST Tony Cascarino
9%
1993/1994 ST Tony Cascarino
9%
1992/1993 ST Mick Harford
8%
1991/1992 DF Paul Elliott
8%
1988/1989 MF Peter Nicholas
8%
1989/1990 MF Peter Nicholas
8%
1989/1990 DF Ken Monkou
7%
1990/1991 DF Ken Monkou
7%
1991/1992 DF Ken Monkou
7%
1994/1995 ST Paul Furlong
7%
1987/1988 DF Tony Dorigo
7%
1988/1989 DF Tony Dorigo
7%
1989/1990 DF Tony Dorigo
7%
1990/1991 DF Tony Dorigo
7%
1988/1989 MF John Bumstead
6%
1989/1990 MF John Bumstead
6%
1992/1993 ST Robert Fleck
6%
1994/1995 MF David Rocastle
5%
2001/2002 UC MF Slaviša Jokanović
5%
1993/1994 DF Jakob Kjeldbjerg
5%
1994/1995 DF Jakob Kjeldbjerg
5%
1992/1993 DF Mal Donaghy
5%
1987/1988 DF Darren Wood
4%
1987/1988 DF Keith Dublin
4%
1989/1990 MF Kevin McAllister
4%
1987/1988 DF Joe McLaughlin
3%
1988/1989 DF Joe McLaughlin
3%
1991/1992 DF Tom Boyd
2%
No matching quizzes found
Score Distribution
Percent of People with Each Score
Percentile by Number Answered
Your Score History
You have not taken this quiz